00466nam a2200181Ia 4500003000400000005001700004008004100021040000700062041001200069082001900081100002200100245004300122260004100165365001300206650001400219650002200233700002900255OSt20250726155918.0210423s2002 xx 000 0 und d cAL aEnglish a307.762 bMISP aAnil Dutta Mishra aPanchayati rajb: gandhian perspective aNew DelhibMittal Publicationsc2002 b395cINR aSociology aUrban Communities aDadage, Mahadev Shivappa